| 000 | 00806nam a2200193Ia 4500 | ||
|---|---|---|---|
| 999 |
_c38882 _d38882 |
||
| 001 | 5295 | ||
| 003 | GE_BSU | ||
| 005 | 20190605191331.0 | ||
| 008 | 181216s1989||||ge |||||||||||||| ||geo|| | ||
| 040 | _cGE_BSU | ||
| 080 | _a76 : 621(075.8) ჯ-18 | ||
| 100 |
_aჯალიაშვილი, ლ. _92010 |
||
| 245 |
_aსაინჟინრო გრაფიკის სპეციალური კურსი : _bდამხმ. სახელმძღვ. / _cჯალიაშვილი, ლ. |
||
| 264 |
_aთბილისი : _bგანათლება, _c1989. |
||
| 300 |
_a156 გვ. : _bნახაზები ; _c22 სმ. |
||
| 300 | _e. | ||
| 653 | _aსაინჟინრო გრაფიკის სპეციალური კურსი | ||
| 942 |
_cBK _2udc |
||